La Internacionalización de la lucha Centroamericana. El papel de los Estados Unidos y otros actores

Guardado en:
書目詳細資料
主要作者: Rosenberg, Mark B.
格式: Texto
出版: San José: CSUCA
標簽: 添加標簽
沒有標簽, 成為第一個標記此記錄!

MARC

LEADER 00000 a a2200000 04500
001 21575
003
040
090 |a 095700  
100 |a Rosenberg, Mark B.  
245 |a La Internacionalización de la lucha Centroamericana. El papel de los Estados Unidos y otros actores  
260 |a San José:   |b CSUCA  
300 |a 8 p  
999 |c 11592  |d 11592